000 00435cam a22001575a 4500
001 J100898
008 000000s1927 xxk 000 0 eng u
035 _a(Sirsi) u100898
110 _aAuctioneers' and Estate Agents' Institute of the United Kingdom
_93789
245 _aAnnual provincial meeting Torquay 1927.
260 _c1927
300 _a36p.
651 4 _aUnited Kingdom
_y
690 _aBusiness and management
942 _n0
999 _c99907
_d99907